000 01062nam a2200349 b 4500
001 000532811
003 DO-SdBPM
005 20250721072141.0
007 ta
008 961112s1993 sp | ||| ||spa
017 _a
_b
020 _a8449500028 (v.1)
035 _a
040 _aDO-SdBPM
_bspa
_cBPMSU
_erda
080 _a
082 _a863.5
_b A323r 1993
_222
100 1 _aAlas, Leopoldo Clarín
_d1852-1901
_c
245 1 3 _aLa Regenta /
_cLeopoldo Alas "Clarín" ; prólogo Concha Dominguez Acevedo
_h
264 _aMadrid :
_bEditores S. L
_c1993
300 _a397 p. :
_bilustraciones ;
_c22 cm
336 _atexto
_btxt
_2rdacontent
337 _asin mediación
_bn
_2rdamedia
338 _avolumen
_bnc
_0rdacarrier
490 0 _aClásicos de siempre
500 _aVersión íntegra
590 _aInventariado, 2025/VM
650 7 _aNovela española
651 7 _aEspaña
_xVida social y costumbres
_vNovela.
700 1 _aDominguez Acevedo, Concha
_eprólogo
910 _aVMateo V. Control de calidad. BPMSU
942 _2ddc
_cBK
999 _c9375
_d9375